MARC

LEADER 00000nam0a2200000 4500
001 230543
005 20231101231019.0
035 |a (RuTPU)RU\TPU\book\251439 
090 |a 230543 
100 |a 20130123d1929 k y0rusy50 ca 
101 0 |a rus  |a fre 
102 |a RU 
105 |a y z 000zy 
200 1 |a Заметка по геологии окрестностей Батума  |e [оттиск статьи]  |f Б. Мефферт 
210 |a Ленинград  |c Издание геологического комитета  |d 1929 
215 |a с. 455-462. 
225 1 |a Известия Геологического Комитета  |v т. 48, № 4 
300 |a Резюме на фр. яз. 
317 |5 63413507: КР-358  |a Поступила в НТБ в составе книжного собрания профессора ТПИ К. В. Радугина в 2004 г. 
606 1 |a Геология  |y Кавказ  |2 stltpush  |3 (RuTPU)RU\TPU\subj\72077  |9 85665 
610 1 |a геологическая изученность 
610 1 |a геологические исследования 
610 1 |a геологическое строение 
610 1 |a стратиграфия 
610 1 |a базальты 
610 1 |a складчатые зоны 
610 1 |a Грузия 
610 1 |a библиотека К. В. Радугина 
675 |a 55(479)  |v 3 
700 1 |a Мефферт  |b Б. 
712 0 1 |a СССР  |b Геологический комитет (Геолком)  |c (1922-1930)  |2 stltpush  |3 (RuTPU)RU\TPU\col\18484 
801 1 |a RU  |b 63413507  |c 20130123 
801 2 |a RU  |b 63413507  |c 20190221  |g RCR 
942 |c BK